000 01323nam a22002537a 4500
003 Uzh_bibl
008 260430b |||||||| |||| 00| 0 ukr d
020 _c0.80
040 _aукр.
041 _2ukr
_aukr
080 _a821(477)
090 _a821(477)
_bН16
100 _aНагнибіда, Микола
245 _aВисота
_hТекст
260 _aКиїв
_bРадянський письменник
_c1978
300 _a99 с.
_fВ опр.
520 _aОднією хз характерних рис творчості Нагнибіди є нетомна поетизація душевної краси людини, її ратних і трудових подвигів. Його ліричний герой сповнений оптимізму і закоханий у дійсність. Поет любить землю України.
521 _aДля широкого кола читачів
546 _aукр.
650 _aЛітературно-художнє видання
_yНе має чітко визначеного часу
_zНе має чітко визначеного місця
653 _aВисота
_aЖиття
_aІдеал
_aДуховність
_aБоротьба
655 _aЛірика (ліричний вірш)
_vЛірика
942 _2udc
_cBK
999 _c17576
_d17576